000 00499nam a2200181 i 4500
001 31882
003 ES-MaACL
005 20250805063235.0
007 t|
008 030130s1911 sp ||||1| spa d
100 1 _aBécquer, Gustavo Adolfo,
_d1836-1870
_926974
245 1 0 _aObras /
_cde Gustavo Adolfo Bécquer.
250 _a7ª ed.
260 _aMadrid :
_b[s.n.,
_c1911] (
_fImp. Española)
300 _a3 v. ;
_c18 cm.
852 _aES-MaACL
_jB-1438-40
999 _c31882
_d31882